000 00372nam a2200145Ia 4500
005 20251222153552.0
008 251222s9999||||xx |||||||||||||| ||spa||
020 _a978-612-4075-95-7
082 _a320.4T27
100 _aTello, María del Pilar
245 0 _aEl Poder y Las Sombras:
250 _a1a.ed.
264 _bCongreso del Perú. Fondo Editorial
942 _cLIB
999 _c30904
_d30904